Responses for show #5348 - Wednesday, December 5, 2007

Contestants

Cynthia Patterson, a database specialist and artist originally from New Orleans, Louisiana

Rob Carter, a deputy attorney general from Lawrenceville, New Jersey

Keith Thorell, an attorney from Altadena, California (whose 1-day cash winnings total $12,000)

Jeopardy! Round responses

ZOOLOGY
BEST MUSICAL ACTOR TONY WINNERS
U.S. GOVERNMENT
BIO-SPHERE
"M"MMMM
(Alex: But only one "M" will come up in each correct response.)
BRIT SPEAK
    $200 1
suckers

Rob
    $200 26
Nathan Lane

Cynthia
    $200 11
the Secretary of State

Keith
    $200 16
Christopher Columbus

Rob
    $200 21
a Maraschino cherry

Rob
    $200 6
tea

Rob
    $400 2
a Komodo dragon

Rob
    $400 27
Matthew Broderick

Triple Stumper
    $400 12
110

Triple Stumper
    $400 17
(Benjamin) Franklin

Keith
    $400 22
marzipan

Keith
    $400 7
Hoover

Rob
    $600 3
(Cynthia: What is a lizard?)

a salamander

Cynthia
Triple Stumper
    $600 28
(Cynthia: Who is Tevye?)

Zero Mostel

Cynthia
Triple Stumper
    $600 13
(Rob: What is the National Archive?)
[Rob's response was initially accepted, but reversed before his interview.]

the National Archives

Rob
Triple Stumper
    $600 18
(Harper) Lee

Keith
    $600 23
mousse

Rob
    $600 8
bangers

Rob
    $800 4
(Rob: What is a black mambo?)

a taipan

Rob
Triple Stumper
    $800 29
Richard Burton

Triple Stumper
    $800 14
the CIA

Keith
    $800 19
Kitty Kelley

Rob
    $800 24
(Rob: What is matzah?)

macaroon

Rob
Triple Stumper
    $800 9
petrol

Keith
    $200 5
melanin

Rob
    $1000 15
the Department of Commerce

Triple Stumper
    $1000 20
(Cynthia: Who is Betsy Ross?)

Marie Antoinette

Cynthia
Triple Stumper
    $1000 25
molasses

Rob
    $1000 10
a power point

Rob

Scores at the first commercial break (after clue 15):

Keith Rob Cynthia
$1,800 $1,600 -$600

Scores at the end of the Jeopardy! Round:

Keith Rob Cynthia
$3,200 $3,600 -$2,000

Double Jeopardy! Round responses

THE BIBLE
GRAPHIC NOVELS ON FILM
PAKISTAN & DELIVER
LETTER SYMBOLISM
PRESIDENTIAL NICKNAMES
SMOKIN' "ACE"s
    $400 16
Pontius Pilate

Rob
    $400 21
300

Keith
    $400 22
India

Rob
    $400 11
X

Rob
    $400 6
James Buchanan

Triple Stumper
    $400 1
about-face

Rob
    $800 17
ashes

Rob
    $800 23
Jack the Ripper

Rob
    $800 27
Sunni

Keith
    $800 12
(Leonard) Nimoy

Keith
    $800 7
(Cynthia: Who is Zachary Taylor?)

Andrew Johnson

KeithCynthia
    $800 2
(Chantilly) lace

Rob
    $1200 18
Chronicles

Triple Stumper
    $1200 24
The Road to Perdition

Cynthia
    $1200 30
the rupee

Triple Stumper
    $1200 13
pi

Keith
    $1200 8
(Cynthia: Who is John Quincy Adams?)

Benjamin Harrison

Cynthia
Triple Stumper
    $1200 3
a trace

Cynthia
    $4,000 19
the Samaritans

Rob
    $1600 25
The Crow

Rob
    $1600 29
Karachi

Triple Stumper
    $1600 14
(Keith: What is deceased?)
...
(Alex: Senator Dorgan of North Dakota will be very upset. The "D" stands for [*], not deceased.)

Democrat

Keith
Triple Stumper
    $1600 9
Grant

Rob
    $1,000 4
a carapace

Cynthia
    $2000 20
Benjamin

Triple Stumper
    $2000 26
Ghost World

Triple Stumper
    $2000 28
Kashmir

Keith
    $2000 15
Sufism

Rob
    $2000 10
Hoover

Keith
    $2000 5
displacement

Cynthia

Scores at the end of the Double Jeopardy! Round:

Keith Rob Cynthia
$9,600 $16,800 $1,400

[wagering suggestions for these scores]

Final Jeopardy! Round responses

BRITISH ENTREPRENEURS
CynthiaWho is Marconi?
$1,300
KeithWho is Cunard?
$8,000
RobWho is Rothschild?
$3,001
(Samuel) Cunard

Final scores:

Keith Rob Cynthia
$17,600 $13,799 $100
2-day champion: $29,600 2nd place: $2,000 3rd place: $1,000

Game dynamics:

Coryat scores:

Keith Rob Cynthia
$9,600 $15,200 $2,000
13 R,
1 W
23 R
(including 2 DDs),
3 W
5 R
(including 1 DD),
5 W

Combined Coryat: $26,800

The J! Archive is created by fans, for fans. The Jeopardy! game show and all elements thereof, including but not limited to copyright and trademark thereto, are the property of Jeopardy Productions, Inc. and are protected under law. This website is not affiliated with, sponsored by, or operated by Jeopardy Productions, Inc. Join the discussion at JBoard.tv.